000 00342 a2200157 4500
001 46673
020 _a9788588159556
040 _cAnchieta - Aquarius
100 _aBelinky, Tatiana
240 1 0 _aSete vezes sim!
_lpor
245 1 0 _aSete vezes sim!
300 _a
362 0 _a2006
650 4 _aLiteratura infanto-juvenil
942 _cBK
999 _c46673
_d46673